The birds of Peninsular Malaysia

Bibliographic Details
Main Author: HOLMES
Other Authors: Phillipps
Format: Book
Published: Kuala Lumpur : Oxford University Press , 1998
Series:Images of Asia
Subjects:

MARC

LEADER 00000cam a2200000 7i4500
001 0000002046
005 20020914.0
020 0 0 |a 9835600295 
090 0 0 |a 598.095951   |b HOL 1998 
100 1 0 |a HOLMES   |h Derek 
245 1 4 |a The birds of Peninsular Malaysia   |c Derek Holmes; illustrated by Karen Phillipps 
260 0 0 |a Kuala Lumpur :   |b Oxford University Press ,   |c 1998 
300 |a xi, 96 p., 24 col. plates :   |b ill. ;   |c 20 cm. 
440 0 0 |a Images of Asia 
500 0 0 |a Includes index 
650 0 0 |a Birds   |z Peninsular Malaysia 
700 0 1 |a Phillipps   |h Karen 
998 |a JPSM 
999 |a 0000003420   |b Monograph   |c Open Shelf   |e Default branch